000 00598nam a22001817a 4500
005 20251108170452.0
008 250721s1998 xx 000 0 ara d
082 1 4 _a214.2/ك
100 1 _aالكوسا، ماهر وليد رشيد
245 1 0 _aالذات :
_bالذات الإلية و إثباتية و جوده و الذات المخلوقة ............. /
264 1 _aعمان :
_bمكتبة دار الشامية،
_c1998.
300 _a96ص
650 1 7 _aالإلهيات
650 1 7 _aالله
650 1 7 _aالعقيدة الإسلامية
942 _2ddc
_cBK
999 _c41252
_d41252